[Event "Challenge"]
[Site "http://www.queenalice.com/game.php?id=1147216"]
[Date "2013.1.30"]
[Round "-"]
[White "tucot"]
[Black "Ice_Fox"]
[Result "0-1"]
[WhiteElo "2353"]
[BlackElo "1500"]

1. e4 e5 2. Nc3 Bc5 3. g3 h5 4. Nf3 Nc6 5. Bc4 Nf6 6. h3 a6 7. d3 b5 8. Bb3 d6
9. Bg5 Na5 10. Nh4 Bd4 11. Qf3 Nxb3 12. axb3 c6 13. Nd1 Be6 14. c3 Bb6 15. Ne3
Bxb3 16. Nhf5 Kf8 17. O-O a5 0-1

[Event "Challenge"]
[Site "http://www.queenalice.com/game.php?id=1147217"]
[Date "2013.1.30"]
[Round "-"]
[White "Ice_Fox"]
[Black "tucot"]
[Result "1-0"]
[WhiteElo "1500"]
[BlackElo "2353"]

1. c4 Nf6 2. Nc3 g6 3. e4 d6 4. d4 Bg7 5. f4 O-O 6. Nf3 Bg4 7. Be3 Nc6 8. d5 Nb8
9. Be2 c6 10. h3 Bxf3 11. Bxf3 Nfd7 12. Qe2 Bxc3+ 13. bxc3 Qa5 14. O-O c5 15.
Qd3 Qa6 16. a4 Qb6 17. Rfb1 Qc7 18. Rb2 1-0

[Event "Challenge"]
[Site "http://www.queenalice.com/game.php?id=1149779"]
[Date "2013.2.8"]
[Round "-"]
[White "Michihall"]
[Black "Ice_Fox"]
[Result "0-1"]
[WhiteElo "1834"]
[BlackElo "1614"]

1. d4 d5 2. c4 dxc4 3. Nc3 c6 4. a4 Nf6 5. e4 e5 6. Nf3 exd4 7. Qxd4 Qxd4 8.
Nxd4 Bc5 9. Be3 Ng4 10. Ke2 Nxe3 11. Kxe3 Be6 12. Rd1 Nd7 13. f4 O-O-O 14. Kf3
Bxd4 15. Rxd4 Ne5+ 16. Ke3 Ng4+ 17. Kf3 Rxd4 18. f5 Bxf5 19. exf5 Re8 20. Ne2
Re3# 0-1

[Event "Let's Play Chess!"]
[Site "http://www.queenalice.com/game.php?id=1154767"]
[Date "2013.2.23"]
[Round "-"]
[White "charles31"]
[Black "Ice_Fox"]
[Result "0-1"]
[WhiteElo "1692"]
[BlackElo "1830"]

1. e4 c5 2. Nc3 Nc6 3. Nf3 g6 4. d4 cxd4 5. Nxd4 Bg7 6. Nxc6 bxc6 7. Bc4 d6 8.
Qf3 Nf6 9. Bd2 O-O 10. h3 Nd7 11. g4 Ne5 12. Qe2 Nxc4 13. Qxc4 Rb8 14. g5 Rxb2
15. h4 d5 16. exd5 cxd5 17. Qd3 Bf5 18. Qf3 Rxc2 19. h5 Qc8 20. hxg6 Rxc3 21.
gxh7+ Bxh7 22. Bxc3 Bxc3+ 23. Kf1 Be4 0-1

[Event "Let's Play Chess!"]
[Site "http://www.queenalice.com/game.php?id=1155795"]
[Date "2013.2.27"]
[Round "-"]
[White "dnptrs"]
[Black "Ice_Fox"]
[Result "0-1"]
[WhiteElo "2110"]
[BlackElo "1717"]

1. d4 d5 2. Nf3 Bf5 3. e3 e6 4. c4 Nf6 5. Nc3 Nc6 6. cxd5 Nxd5 7. Bb5 Be7 8. Ne5
Nxc3 9. bxc3 Qd5 10. Qa4 Qxg2 11. Rf1 Be4 12. f3 Bc2 13. Bxc6+ Kf8 14. Qc4 Bh4+
0-1

[Event "Let's Play Chess!"]
[Site "http://www.queenalice.com/game.php?id=1156606"]
[Date "2013.3.3"]
[Round "-"]
[White "Eggchaser"]
[Black "Ice_Fox"]
[Result "0-1"]
[WhiteElo "1867"]
[BlackElo "1863"]

1. Nf3 g6 2. c4 c5 3. Nc3 Bg7 4. g3 Nc6 5. Bg2 e5 6. O-O d6 7. e3 f5 8. d3 Nge7
9. Bd2 O-O 10. Rb1 a6 11. a3 b5 12. cxb5 axb5 13. Nxb5 e4 14. dxe4 fxe4 15. Ne1
d5 16. Nc2 Qb6 17. Nd6 Ba6 18. Re1 Ne5 0-1

[Event "#32"]
[Site "http://www.queenalice.com/game.php?id=1158536"]
[Date "2013.3.8"]
[Round "-"]
[White "Ice_Fox"]
[Black "hennastalker"]
[Result "1-0"]
[WhiteElo "1846"]
[BlackElo "2079"]

1. d4 e6 2. e4 d5 3. e5 b6 4. Nf3 Ba6 5. Bxa6 Nxa6 6. c3 Nb8 7. Qe2 Nd7 8. O-O
c5 9. Rd1 Ne7 10. c4 Qc7 11. Nc3 cxd4 12. Nb5 Qc6 13. Nd6+ Kd8 14. Nxf7+ Ke8 15.
Nd6+ Kd8 16. Nxd4 Qxc4 17. Nxe6# 1-0

[Event "Let's Play Chess! 2013-18"]
[Site "http://www.queenalice.com/game.php?id=1162011"]
[Date "2013.3.17"]
[Round "-"]
[White "elrey"]
[Black "Ice_Fox"]
[Result "0-1"]
[WhiteElo "2250"]
[BlackElo "2050"]

1. d4 d5 2. c4 c6 3. e3 e6 4. Nf3 Nf6 5. Nbd2 c5 6. dxc5 Bxc5 7. a3 a5 8. Be2
Ra7 9. cxd5 exd5 10. Nb3 Bd6 11. O-O Nc6 12. Bd2 O-O 13. Bc3 b6 14. Rc1 Rc7 15.
Qd3 Ne4 16. Rfd1 Be6 17. Qb5 Qb8 18. Bd3 Na7 19. Qa4 Nxc3 20. bxc3 Bd7 21. Qd4
Bxa3 22. Rb1 Nb5 23. Qa4 Nxc3 24. Qxa3 Nxd1 25. Rxd1 Rc3 26. Ng5 h6 27. Qb2 Qe5
28. Bh7+ Kh8 29. Nf3 Rd3 30. Qe2 Rxd1+ 31. Qxd1 Qb2 32. Bc2 a4 33. Nc1 a3 34.
Bb3 Rc8 35. Nd3 Qc3 36. Nd4 Ba4 37. Bxa4 a2 38. Nb3 b5 39. Bxb5 Qxb3 40. Qxb3
a1=Q+ 41. Ne1 Qxe1+ 0-1

[Event "Alpenfestung"]
[Site "http://www.queenalice.com/game.php?id=1162850"]
[Date "2013.3.20"]
[Round "-"]
[White "josebaron"]
[Black "Ice_Fox"]
[Result "0-1"]
[WhiteElo "1830"]
[BlackElo "1904"]

1. e4 e5 2. Nf3 Nc6 3. Bc4 Nf6 4. d3 a6 5. a4 Bc5 6. Ng5 O-O 7. O-O h6 8. Nf3
Ba7 9. c3 d5 10. exd5 Nxd5 11. Bxd5 Qxd5 12. h3 Bf5 13. Re1 Bxd3 14. Be3 Bxe3
15. Rxe3 e4 16. Ne1 Ne5 17. Nxd3 Nxd3 18. Qc2 f5 19. Nd2 Rad8 20. a5 Nxf2 21.
Nb3 f4 22. Re2 Nxh3+ 23. gxh3 f3 24. Rxe4 f2+ 25. Kf1 Qf5 26. Nd4 Qxh3+ 27. Ke2
f1=Q+ 28. Rxf1 Qxf1+ 29. Ke3 c5 30. Qe2 cxd4+ 31. cxd4 Qh3+ 32. Kd2 Qb3 33. Ke1
Rc8 34. Qd2 Qg3+ 35. Kd1 Rf1+ 36. Re1 Qb3+ 0-1

[Event "challenge from Agilulfo"]
[Site "http://www.queenalice.com/game.php?id=1166004"]
[Date "2013.3.30"]
[Round "-"]
[White "Ice_Fox"]
[Black "agilulfo"]
[Result "1-0"]
[WhiteElo "2007"]
[BlackElo "1867"]

1. c4 Nf6 2. b4 g6 3. Nf3 Bg7 4. d4 O-O 5. e3 c5 6. bxc5 Na6 7. Nc3 d6 8. cxd6
Qxd6 9. Be2 Bg4 10. h3 Bxf3 11. Bxf3 Rab8 12. O-O e5 13. Nb5 Qb4 14. Ba3 Qxc4
15. Bxf8 Kxf8 16. Nd6 Qb4 17. dxe5 Ne8 18. Rb1 Qa5 19. Bxb7 Bxe5 20. Nc4 Qc7 21.
Bxa6 1-0

[Event "OS INCLIVEIS"]
[Site "http://www.queenalice.com/game.php?id=1167468"]
[Date "2013.4.2"]
[Round "-"]
[White "adelio"]
[Black "Ice_Fox"]
[Result "0-1"]
[WhiteElo "1738"]
[BlackElo "1931"]

1. d4 d5 2. e4 dxe4 3. Nc3 f5 4. h4 e6 5. a3 Nf6 6. Bg5 Be7 7. Bxf6 Bxf6 8. Bc4
Bxd4 9. Nge2 Bf6 10. g3 Qe7 11. Nf4 Qc5 12. Qe2 Nc6 13. Rd1 Kf7 14. O-O Nd4 15.
Rxd4 Bxd4 16. Qh5+ g6 17. Qe2 Qe5 18. Nh3 Qxg3+ 19. Kh1 Qxh3+ 20. Kg1 Be5 21. f4
Bd4+ 22. Rf2 Rd8 23. Nd1 Bb6 24. h5 gxh5 25. Nc3 Rg8+ 26. Qg4 Rxg4# 0-1

[Event "OS INCLIVEIS"]
[Site "http://www.queenalice.com/game.php?id=1167469"]
[Date "2013.4.2"]
[Round "-"]
[White "Ice_Fox"]
[Black "adelio"]
[Result "1-0"]
[WhiteElo "1947"]
[BlackElo "1754"]

1. e4 e5 2. Nf3 f6 3. Bc4 c5 4. Nxe5 Qe7 5. Nf7 Qxe4+ 6. Qe2 Qxe2+ 7. Kxe2 b5 8.
Bd5 Nc6 9. Nxh8 Nd4+ 10. Kd1 Rb8 11. Bxg8 d6 12. Bxh7 Bf5 13. Re1+ Be7 14. Bxf5
Nxf5 15. Ng6 Kf7 16. Nxe7 Nxe7 17. d3 Rb6 18. Nc3 d5 19. Rxe7+ Kxe7 20. Nxd5+
Kd6 21. Nxb6 axb6 22. Bf4+ Kc6 23. Kd2 c4 24. Kc3 Kd5 25. Rd1 Kc5 26. dxc4 bxc4
27. Be3+ Kc6 28. Kxc4 b5+ 29. Kb4 g5 30. g4 Kc7 31. Kxb5 Kc8 32. Kb6 f5 33. gxf5
g4 34. f6 g3 35. fxg3 Kb8 36. Rd8# 1-0

[Event "Festung Königstein"]
[Site "http://www.queenalice.com/game.php?id=1168460"]
[Date "2013.4.17"]
[Round "-"]
[White "dnptrs"]
[Black "Ice_Fox"]
[Result "1/2-1/2"]
[WhiteElo "2061"]
[BlackElo "2024"]

1. d4 Nf6 2. Nf3 g6 3. g3 d5 4. Bg2 Bg7 5. O-O Bd7 6. c4 Qc8 7. cxd5 Bh3 8. Qa4+
c6 9. dxc6 Nxc6 10. Rd1 Bxg2 11. Kxg2 Qd7 12. Nc3 Nd5 13. Nxd5 Qxd5 14. Qb3 Qxb3
15. axb3 a6 16. Bf4 Rd8 17. d5 Nb4 18. e4 f5 19. Ra4 fxe4 20. Rxb4 exf3+ 21.
Kxf3 Rd7 22. Bg5 O-O+ 23. Kg2 Bxb2 24. Re4 Rf5 25. Bxe7 1/2-1/2

[Event "Let's Play Chess!"]
[Site "http://www.queenalice.com/game.php?id=1169223"]
[Date "2013.4.7"]
[Round "-"]
[White "Ice_Fox"]
[Black "Taurus"]
[Result "1-0"]
[WhiteElo "2100"]
[BlackElo "2043"]

1. f4 Nc6 2. Nf3 d5 3. e3 a6 4. d4 Bf5 5. c4 e6 6. a3 Nf6 7. Nc3 Be7 8. Bd3 Bg4
9. cxd5 exd5 10. O-O O-O 11. Qc2 Re8 12. Ne5 h6 13. f5 Qd6 14. Nxc6 bxc6 15. Qf2
Nh5 16. h3 Ng3 17. hxg4 Nxf1 18. Kxf1 c5 19. dxc5 Qxc5 20. e4 Qxf2+ 21. Kxf2
Bc5+ 22. Kf3 dxe4+ 23. Nxe4 Bd4 24. Rb1 Rab8 25. b4 Ra8 26. Bc4 a5 27. g5 axb4
28. g6 Re7 29. Rxb4 c5 30. Rb5 Re5 31. Bf4 Re7 32. gxf7+ Rxf7 33. Rb7 1-0

[Event "giochiamo"]
[Site "http://www.queenalice.com/game.php?id=1169730"]
[Date "2013.4.9"]
[Round "-"]
[White "sasosaso"]
[Black "Ice_Fox"]
[Result "0-1"]
[WhiteElo "1999"]
[BlackElo "2030"]

1. e4 e5 2. Nf3 Nc6 3. Bb5 Nf6 4. O-O Nxe4 5. d4 Nd6 6. Bxc6 dxc6 7. dxe5 Nf5 8.
Qxd8+ Kxd8 9. Nc3 Be7 10. Rd1+ Ke8 11. Bg5 h5 12. a4 h4 13. a5 Be6 14. Rd2 Rd8
15. Rxd8+ Kxd8 16. Rd1+ Kc8 17. Bxe7 Nxe7 18. Ng5 Ng6 19. a6 bxa6 20. Rd4 c5 21.
Re4 Bf5 22. Re3 Rh5 23. Nxf7 Be6 24. Rf3 c4 25. Kf1 h3 26. g3 a5 27. g4 Bxg4 28.
Rg3 Bf5 29. e6 Bxc2 30. Re3 Ne7 31. Ke1 a6 32. Rg3 Nf5 33. Rg4 Rh4 34. f3 Rxg4
35. fxg4 Nd4 36. Ng5 Kd8 37. Kd2 Ke7 38. Nd5+ Kd6 39. Nf4 Bb3 40. Ke3 Nxe6 41.
Ne4+ Kd7 42. Nxh3 Kc6 43. Nf4 Nxf4 44. Kxf4 Bc2 45. Nc3 Kc5 46. Ke3 g5 47. Kd2
Bh7 48. Kc1 Kb4 49. Nd5+ Kb3 50. Ne3 c5 51. Nf5 a4 52. Kb1 c3 53. bxc3 c4 54.
Ka1 Kxc3 55. Ne3 Kb3 56. Nxc4 Kxc4 57. Kb2 Kb4 58. Kc1 Kc3 59. Kd1 a3 60. Ke2 a2
61. h4 gxh4 62. Kf3 a1=Q 63. Kf4 Qa5 64. Kf3 Qe5 65. Kf2 Qg3+ 0-1

[Event "Let's Play Chess!"]
[Site "http://www.queenalice.com/game.php?id=1170139"]
[Date "2013.4.11"]
[Round "-"]
[White "Ice_Fox"]
[Black "BrainCrash"]
[Result "1/2-1/2"]
[WhiteElo "2026"]
[BlackElo "2104"]

1. d4 d5 2. Nf3 Bf5 3. c4 dxc4 4. Nc3 Nf6 5. Ne5 Ne4 6. f3 Nxc3 7. bxc3 b5 8. e4
Bc8 9. a4 f6 10. Ng4 c6 11. f4 a6 12. Be2 e6 13. Bf3 a5 14. axb5 cxb5 15. e5 Ra6
16. exf6 Nd7 17. fxg7 Bxg7 18. Rb1 Rb6 19. Ba3 b4 20. cxb4 O-O 21. g3 Bb7 22.
Bxb7 Rxb7 23. b5 Rf5 24. Qe2 Rfxb5 25. Rxb5 Rxb5 26. Qxe6+ Kh8 27. Ke2 Rb3 28.
Be7 Qe8 29. Re1 Bxd4 30. Qd5 Qxe7+ 31. Kf1 Qg7 32. Re8+ Nf8 33. Qf5 Rb1+ 34. Kg2
Rb2+ 35. Kh3 Kg8 36. Qe6+ Kh8 37. Qc8 Kg8 1/2-1/2

[Event "Let's Play Chess!"]
[Site "http://www.queenalice.com/game.php?id=1178828"]
[Date "2013.5.5"]
[Round "-"]
[White "DAPONT"]
[Black "Ice_Fox"]
[Result "0-1"]
[WhiteElo "2117"]
[BlackElo "2080"]

1. c4 e5 2. Nc3 Nf6 3. g3 d5 4. cxd5 Nxd5 5. Qa4+ Nc6 6. Bg2 Be6 7. Nf3 Nb6 8.
Qe4 f5 9. Qb1 e4 10. Nxe4 fxe4 11. Qxe4 Qe7 12. O-O Bf7 13. Qg4 g6 14. Nd4 Ne5
15. Qf4 O-O-O 16. Nb3 Bg7 17. d3 Kb8 18. Be3 Nd5 19. Bc5 Nxf4 20. Bxe7 Nxe2+ 21.
Kh1 Rd7 22. Rae1 Bxb3 23. Rxe2 Bxa2 24. Bg5 Nxd3 25. Rd1 Nxf2+ 0-1

[Event "Let's Play Chess!"]
[Site "http://www.queenalice.com/game.php?id=1180053"]
[Date "2013.5.10"]
[Round "-"]
[White "fortunato"]
[Black "Ice_Fox"]
[Result "0-1"]
[WhiteElo "2289"]
[BlackElo "2116"]

1. e4 c5 2. Nf3 d6 3. Bc4 g6 4. d4 cxd4 5. Qxd4 Nf6 6. Ng5 e6 7. O-O Nc6 8. Bb5
Bg7 9. Bxc6+ bxc6 10. Rd1 O-O 11. Nc3 Nd5 12. Qd3 Nxc3 13. bxc3 d5 14. Bd2 Qa5
15. a4 Rb8 16. c4 Qc5 17. Rab1 Rxb1 18. Rxb1 Ba6 19. exd5 cxd5 20. Qh3 h6 21.
Nf3 Qxc4 22. Bxh6 Qxc2 23. Re1 Be2 24. Ng5 Qd2 25. Nf3 Qd3 26. Ng5 Qxh3 27. Nxh3
Rb8 28. Bxg7 Kxg7 29. f3 Rb2 30. Rc1 Bc4 31. Ng5 Ra2 32. Rb1 d4 33. Rb4 d3 34.
Rxc4 d2 35. Rd4 Ra1+ 36. Kf2 d1=Q 37. Rxd1 Rxd1 0-1

[Event "Let's Play Chess!"]
[Site "http://www.queenalice.com/game.php?id=1227780"]
[Date "2013.10.27"]
[Round "-"]
[White "patoche"]
[Black "Ice_Fox"]
[Result "1/2-1/2"]
[WhiteElo "2431"]
[BlackElo "2141"]

1. e4 e5 2. Bc4 Nf6 3. d4 exd4 4. Qxd4 Nc6 5. Qe3 Bb4+ 6. c3 Ba5 7. Nf3 O-O 8.
O-O Re8 9. Qd3 Nxe4 10. Qd5 Re7 11. Ng5 Qe8 12. Nxe4 Rxe4 13. Bd3 Re5 14. Qf3
Bb6 15. Bf4 Re7 16. Nd2 d6 17. Nc4 1/2-1/2

[Event "061113"]
[Site "http://www.queenalice.com/game.php?id=1230576"]
[Date "2013.11.7"]
[Round "-"]
[White "jizaias"]
[Black "Ice_Fox"]
[Result "0-1"]
[WhiteElo "2243"]
[BlackElo "2153"]

1. d4 b5 2. d5 Bb7 3. e4 Nf6 4. Nd2 b4 5. Ngf3 e6 6. dxe6 dxe6 7. e5 Nfd7 8. Be2
a5 9. Nc4 Nc6 10. O-O Bc5 11. Bg5 Be7 12. Be3 f5 13. exf6 Bxf6 14. Bd3 Qe7 15.
Ng5 O-O-O 16. Ne4 Nde5 17. Bc5 Qe8 18. Qe2 Nxd3 19. cxd3 Rd5 20. Rfc1 Qg6 21.
Ned6+ cxd6 22. Qxe6+ Kb8 23. Bxd6+ Rxd6 24. Qxd6+ Ka8 25. Nb6+ Ka7 26. Na4 Be5
27. Qxg6 hxg6 28. h3 Bd4 29. Rc4 Rf8 30. Rc2 Ne5 31. Rd1 Rf5 32. Kf1 Bd5 33. b3
g5 34. Rdd2 g4 35. Rc7+ Kb8 36. Re7 g3 37. f3 Nxf3 38. gxf3 Bxf3 39. h4 Bd5+ 40.
Ke1 Bf2+ 41. Kd1 Bf3+ 42. Kc1 g5 43. Rc2 g2 44. Re8+ Ka7 45. Rc7+ Bb7 46. Nc5
g1=Q+ 47. Kc2 Bxc5 0-1